[Event "Obi-Wan BENONI"]
[Site "SchemingMind.com"]
[Date "2005.10.30"]
[Round "-"]
[White "Aumonde"]
[Black "zledar"]
[Result "1-0"]
[WhiteCountry "USA"]
[BlackCountry "MEX"]
[WhiteElo "2145"]
[WhiteRD "64"]
[BlackElo "1152"]
[BlackRD "110"]
[GameID "28993"]

1. d4 Nf6 2. c4 c5 3. d5 e6 4. Nc3 exd5 5. cxd5 d6 6. Nf3 g6 7. g3 Bg7 8. Bg2 O-O 9. O-O a6 10. a4 Nbd7
11. Nd2 Re8 12. e4 Ne5 13. f4 Neg4 14. Nc4 b5 15. axb5
1-0

[Event "Obi-Wan BENONI"]
[Site "SchemingMind.com"]
[Date "2005.10.30"]
[Round "-"]
[White "Louis Lima"]
[Black "zledar"]
[Result "1-0"]
[WhiteCountry "ESP"]
[BlackCountry "MEX"]
[WhiteElo "1973"]
[WhiteRD "93"]
[BlackElo "1212"]
[BlackRD "128"]
[GameID "28994"]

1. d4 Nf6 2. c4 c5 3. d5 e6 4. Nc3 exd5 5. cxd5 d6 6. e4 g6 7. f4 Bg7 8. Bb5+ Bd7 9. e5 Bxb5 10. exf6 Bxf6
11. Nxb5
1-0

[Event "Obi-Wan BENONI"]
[Site "SchemingMind.com"]
[Date "2005.10.30"]
[Round "-"]
[White "miguel12"]
[Black "zledar"]
[Result "1-0"]
[WhiteCountry "USA"]
[BlackCountry "MEX"]
[WhiteElo "1580"]
[WhiteRD "104"]
[BlackElo "1107"]
[BlackRD "102"]
[GameID "28995"]

1. d4 Nf6 2. c4 c5 3. d5 e6 4. Nc3 exd5 5. cxd5 d6 6. e4 Bg4 7. Qa4+ Nbd7 8. Be2 Be7 9. Bxg4 O-O 10. Bxd7 Nxd7
11. Nf3 Nb6 12. Qc2
1-0

[Event "Obi-Wan BENONI"]
[Site "SchemingMind.com"]
[Date "2005.10.30"]
[Round "-"]
[White "IvanXXIII"]
[Black "zledar"]
[Result "1-0"]
[WhiteCountry "CRO"]
[BlackCountry "MEX"]
[WhiteElo "1909"]
[WhiteRD "103"]
[BlackElo "1107"]
[BlackRD "102"]
[GameID "28996"]

1. d4 Nf6 2. c4 c5 3. d5 e6 4. Nc3 exd5 5. cxd5 d6 6. e4 g6 7. f4 Bg7 8. Bb5+ Bd7 9. e5 Bxb5 10. exf6 Qxf6
11. Nxb5 Qd8 12. Qe2+ Qe7 13. Qxe7+ Kxe7 14. Nc7 Nd7 15. Nxa8 Rxa8 16. Ne2 Re8 17. O-O Nf6 18. Nc3 Kf8 19. Bd2
1-0

[Event "Obi-Wan BENONI"]
[Site "SchemingMind.com"]
[Date "2005.10.30"]
[Round "-"]
[White "Gordon"]
[Black "Gary"]
[Result "1-0"]
[WhiteCountry "ENG"]
[BlackCountry "ENG"]
[WhiteElo "2229"]
[WhiteRD "64"]
[BlackElo "1617"]
[BlackRD "66"]
[GameID "29013"]

1. d4 Nf6 2. c4 c5 3. d5 b5 4. cxb5 a6 5. e3 e6 6. Nc3 d6 7. Bc4 axb5 8. Bxb5+ Bd7 9. Bxd7+ Nbxd7 10. Nf3 Nb6
11. dxe6 fxe6 12. Qb3 d5 13. Ng5 Qd6 14. Nb5 Qc6 15. Nxe6 Rc8 16. Nxf8 Rxf8 17. Na7
1-0

[Event "Obi-Wan BENONI"]
[Site "SchemingMind.com"]
[Date "2005.10.30"]
[Round "-"]
[White "Gordon"]
[Black "sythymesnos"]
[Result "1-0"]
[WhiteCountry "ENG"]
[BlackCountry "FRA"]
[WhiteElo "2229"]
[WhiteRD "64"]
[BlackElo "1773"]
[BlackRD "80"]
[GameID "29014"]

1. d4 Nf6 2. c4 c5 3. d5 e6 4. Nc3 exd5 5. cxd5 d6 6. e4 a6 7. f4 b5 8. e5 Nfd7 9. Nf3 g6 10. Be2 Bg7
11. Ne4 dxe5 12. Nd6+
1-0

[Event "Obi-Wan BENONI"]
[Site "SchemingMind.com"]
[Date "2005.10.30"]
[Round "-"]
[White "Gordon"]
[Black "Aumonde"]
[Result "1-0"]
[WhiteCountry "ENG"]
[BlackCountry "USA"]
[WhiteElo "2243"]
[WhiteRD "65"]
[BlackElo "2128"]
[BlackRD "65"]
[GameID "29015"]

1. d4 Nf6 2. c4 c5 3. d5 e6 4. Nc3 exd5 5. cxd5 d6 6. e4 g6 7. f4 Bg7 8. Bb5+ Bd7 9. e5 Nh5 10. Nf3 O-O
11. Bxd7 Qxd7 12. O-O Na6 13. Ne4 dxe5 14. fxe5 Rfe8 15. Re1 Nb4 16. Nxc5 Qb5 17. Ne4 Nxd5 18. Nd6 Qc5+ 19. Kh1 Rxe5 20. Nxe5 Qxd6
21. Ng4 Rd8 22. Nh6+ Kf8 23. Rf1 Rd7 24. Qf3 Nhf4 25. Bxf4 Qxf4 26. Qh3 Qc7 27. Rac1 Qd8 28. Qa3+ Ke8 29. Rce1+
1-0

[Event "Obi-Wan BENONI"]
[Site "SchemingMind.com"]
[Date "2005.10.30"]
[Round "-"]
[White "Gordon"]
[Black "Louis Lima"]
[Result "1-0"]
[WhiteCountry "ENG"]
[BlackCountry "ESP"]
[WhiteElo "2243"]
[WhiteRD "65"]
[BlackElo "1983"]
[BlackRD "85"]
[GameID "29016"]

1. d4 Nf6 2. c4 c5 3. d5 d6 4. Nc3 g6 5. e4 Bg7 6. h3 e6 7. Bd3 exd5 8. cxd5 O-O 9. Nf3 b5 10. Nxb5 Re8
11. O-O Nxe4 12. Qa4 Nd7 13. Bxe4 Nb6 14. Qc2 Ba6 15. a4 f5 16. Bd3 c4 17. Be2 Bb7 18. Bf4 Be5 19. Bxe5 dxe5 20. d6 e4
21. Bxc4+
1-0

[Event "Obi-Wan BENONI"]
[Site "SchemingMind.com"]
[Date "2005.10.30"]
[Round "-"]
[White "Gordon"]
[Black "zledar"]
[Result "1-0"]
[WhiteCountry "ENG"]
[BlackCountry "MEX"]
[WhiteElo "2199"]
[WhiteRD "66"]
[BlackElo "1152"]
[BlackRD "110"]
[GameID "29017"]

1. d4 Nf6 2. c4 c5 3. d5 e6 4. Nc3 exd5 5. cxd5 d6 6. e4 g6 7. f4 Bg7 8. Bb5+ Nbd7 9. e5 Qe7 10. Qe2 dxe5
11. fxe5 O-O 12. exf6 Bxf6 13. Qxe7 Bxe7 14. Nf3 Nf6 15. O-O Bf5 16. Bf4 Ne4 17. Nxe4
1-0

[Event "Obi-Wan BENONI"]
[Site "SchemingMind.com"]
[Date "2005.10.30"]
[Round "-"]
[White "Gordon"]
[Black "miguel12"]
[Result "1-0"]
[WhiteCountry "ENG"]
[BlackCountry "USA"]
[WhiteElo "2229"]
[WhiteRD "64"]
[BlackElo "1539"]
[BlackRD "175"]
[GameID "29018"]

1. d4 Nf6 2. c4 c5 3. d5 e6 4. Nc3 exd5 5. cxd5 d6 6. e4 g6 7. f4 Bg7 8. Bb5+ Nbd7 9. e5 dxe5 10. fxe5 Nh5
11. e6
1-0

[Event "Obi-Wan BENONI"]
[Site "SchemingMind.com"]
[Date "2005.10.30"]
[Round "-"]
[White "Gordon"]
[Black "IvanXXIII"]
[Result "1-0"]
[WhiteCountry "ENG"]
[BlackCountry "CRO"]
[WhiteElo "2199"]
[WhiteRD "66"]
[BlackElo "1908"]
[BlackRD "98"]
[GameID "29019"]

1. d4 Nf6 2. c4 c5 3. d5 b5 4. cxb5 a6 5. bxa6 g6 6. e3 Bg7 7. Nc3 O-O 8. Nf3 Qa5 9. Be2 Bxa6 10. O-O Bxe2
11. Qxe2 Qa6 12. Qxa6 Rxa6 13. e4 d6 14. Re1 Nbd7 15. h3 Nb6 16. Rb1 Nfd7 17. Re2 Bxc3 18. bxc3 Rfa8 19. Rbb2 Nc4 20. Rb7 Rxa2
21. Rxa2 Rxa2 22. Bg5 Ndb6 23. Bh6 Ra8 24. Rxe7 f5 25. Ng5 fxe4 26. Rg7+ Kf8 27. Ne6+ Ke8 28. Nc7+
1-0

[Event "Obi-Wan BENONI"]
[Site "SchemingMind.com"]
[Date "2005.10.30"]
[Round "-"]
[White "Gary"]
[Black "Gordon"]
[Result "0-1"]
[WhiteCountry "ENG"]
[BlackCountry "ENG"]
[WhiteElo "1583"]
[WhiteRD "64"]
[BlackElo "2243"]
[BlackRD "65"]
[GameID "29020"]

1. d4 Nf6 2. c4 c5 3. dxc5 e6 4. Nc3 Bxc5 5. Nf3 O-O 6. e3 Nc6 7. Be2 d5 8. cxd5 exd5 9. O-O a6 10. a3 Re8
11. b4 Bb6 12. Bb2 Bc7 13. Rc1 Bg4 14. h3 Bh5 15. Qb3 Qd6 16. g3 Rxe3 17. Qd1 d4 18. Nb1 d3
0-1

[Event "Obi-Wan BENONI"]
[Site "SchemingMind.com"]
[Date "2005.10.30"]
[Round "-"]
[White "sythymesnos"]
[Black "Gordon"]
[Result "0-1"]
[WhiteCountry "FRA"]
[BlackCountry "ENG"]
[WhiteElo "1854"]
[WhiteRD "71"]
[BlackElo "2243"]
[BlackRD "65"]
[GameID "29021"]

1. d4 Nf6 2. c4 c5 3. d5 b5 4. b3 bxc4 5. bxc4 g6 6. Bb2 d6 7. Nf3 Bg7 8. e4 O-O 9. Bd3 Nbd7 10. O-O Rb8
11. Bc3 e5 12. Nbd2 Nh5 13. Bc2 Nb6 14. Re1 Nf4 15. Kh1 Bg4 16. Bb3 f5 17. Ba5 Nd3 18. Re3 Nxf2+
0-1

[Event "Obi-Wan BENONI"]
[Site "SchemingMind.com"]
[Date "2005.10.30"]
[Round "-"]
[White "Aumonde"]
[Black "Gordon"]
[Result "1/2-1/2"]
[WhiteCountry "USA"]
[BlackCountry "ENG"]
[WhiteElo "2128"]
[WhiteRD "65"]
[BlackElo "2243"]
[BlackRD "65"]
[GameID "29022"]

1. d4 Nf6 2. c4 c5 3. d5 b5 4. cxb5 a6 5. b6 e6 6. Nc3 Nxd5 7. Nxd5 exd5 8. Qxd5 Nc6 9. Nf3 Rb8 10. e4 Be7
11. Bc4 O-O 12. O-O Rxb6 13. Qh5 d6 14. b3 Be6 15. Ng5 Bxg5 16. Bxg5 Qe8 17. Bd3 f6 18. Qxe8 Rxe8 19. Bd2 Nb4 20. Bxb4 cxb4
21. Rfd1 Rc8 22. Rd2 Kf8 23. Rad1 Rc3 24. f3 Ke7 25. g4 Rbc6 26. h4 R3c5 27. h5 Bf7 28. Kf2 a5=
1/2-1/2

[Event "Obi-Wan BENONI"]
[Site "SchemingMind.com"]
[Date "2005.10.30"]
[Round "-"]
[White "Louis Lima"]
[Black "Gordon"]
[Result "0-1"]
[WhiteCountry "ESP"]
[BlackCountry "ENG"]
[WhiteElo "1717"]
[WhiteRD "56"]
[BlackElo "2199"]
[BlackRD "66"]
[GameID "29023"]

1. d4 Nf6 2. c4 c5 3. d5 d6 4. Nc3 g6 5. e4 Bg7 6. f4 O-O 7. Nf3 e6 8. Be2 exd5 9. cxd5 Nbd7 10. O-O Re8
11. Nd2 c4 12. Kh1 Nc5 13. e5 dxe5 14. fxe5 Rxe5 15. Nxc4 Re8 16. Bg5 h6 17. Bh4 Nce4 18. Nxe4 Rxe4 19. Bg3 Qxd5 20. Qxd5 Nxd5
21. Bf3 Rd4 22. Bf2 Rxc4 23. Bxd5 Rc7 24. Bg3 Rd7
0-1

[Event "Obi-Wan BENONI"]
[Site "SchemingMind.com"]
[Date "2005.11.04"]
[Round "-"]
[White "zledar"]
[Black "Gordon"]
[Result "0-1"]
[WhiteCountry "MEX"]
[BlackCountry "ENG"]
[WhiteElo "1152"]
[WhiteRD "110"]
[BlackElo "2199"]
[BlackRD "66"]
[GameID "29024"]

1. d4 Nf6 2. c4 c5 3. d5 b5 4. cxb5 a6 5. bxa6 g6 6. Nc3 Bxa6 7. Nf3 d6 8. e4 Bxf1 9. Kxf1 Bg7 10. g3 O-O
11. Kg2 Nbd7 12. Bg5 Ng4 13. b3 Bxc3 14. Rc1 Rxa2 15. Rxc3 Nxf2
0-1

[Event "Obi-Wan BENONI"]
[Site "SchemingMind.com"]
[Date "2005.10.30"]
[Round "-"]
[White "miguel12"]
[Black "Gordon"]
[Result "0-1"]
[WhiteCountry "USA"]
[BlackCountry "ENG"]
[WhiteElo "1650"]
[WhiteRD "125"]
[BlackElo "2199"]
[BlackRD "66"]
[GameID "29025"]

1. d4 Nf6 2. c4 c5 3. d5 b5 4. cxb5 a6 5. bxa6 g6 6. Nc3 Bxa6 7. e4 Bxf1 8. Kxf1 d6 9. Nf3 Bg7 10. g3 O-O
11. Kg2 Nbd7 12. Re1 Ng4 13. Bf4 Qb6 14. Qc2 Rfb8 15. b3 c4 16. h3 Qxf2+ 17. Qxf2 Nxf2
0-1

[Event "Obi-Wan BENONI"]
[Site "SchemingMind.com"]
[Date "2005.10.30"]
[Round "-"]
[White "IvanXXIII"]
[Black "Gordon"]
[Result "0-1"]
[WhiteCountry "CRO"]
[BlackCountry "ENG"]
[WhiteElo "1557"]
[WhiteRD "75"]
[BlackElo "2191"]
[BlackRD "68"]
[GameID "29026"]

1. d4 Nf6 2. c4 c5 3. d5 b5 4. cxb5 a6 5. bxa6 Bxa6 6. Nc3 d6 7. e4 Bxf1 8. Kxf1 g6 9. Nf3 Nbd7 10. g3 Bg7
11. Kg2 O-O 12. Re1 Ra6 13. h3 Qa8 14. Re2 Rb8 15. Qc2 Rab6 16. Qa4 Qb7 17. Qc2 Rb4 18. b3 Nxe4 19. Rxe4 Rxe4 20. Qxe4 Bxc3
21. Rb1 Nf6 22. Qc4 Nxd5 23. Bb2 Bxb2 24. Rxb2 Ra8
0-1

[Event "Obi-Wan BENONI"]
[Site "SchemingMind.com"]
[Date "2005.10.31"]
[Round "-"]
[White "Katarrov"]
[Black "Gary"]
[Result "1-0"]
[WhiteCountry "ESP"]
[BlackCountry "ENG"]
[WhiteElo "2178"]
[WhiteRD "95"]
[BlackElo "1498"]
[BlackRD "55"]
[GameID "29078"]

1. d4 Nf6 2. c4 c5 3. d5 b5 4. cxb5 a6 5. bxa6 e6 6. Nc3 d6 7. dxe6 fxe6 8. e4 Bxa6 9. Bxa6 Nxa6 10. Nf3 Be7
11. O-O O-O 12. e5 dxe5 13. Nxe5 Qc7 14. Re1 Nb4 15. Bg5 Nbd5 16. Qb3 Rab8 17. Nb5 Qb6 18. a4 Rfd8 19. Qh3 h6 20. Bxf6 Bxf6
21. Qg4 Bxe5 22. Rxe5 Re8 23. Rae1 Nf6 24. Qc4 Kf7 25. Rxc5
1-0

[Event "Obi-Wan BENONI"]
[Site "SchemingMind.com"]
[Date "2005.10.31"]
[Round "-"]
[White "Katarrov"]
[Black "sythymesnos"]
[Result "1-0"]
[WhiteCountry "ESP"]
[BlackCountry "FRA"]
[WhiteElo "2180"]
[WhiteRD "93"]
[BlackElo "1765"]
[BlackRD "59"]
[GameID "29079"]

1. d4 Nf6 2. c4 c5 3. d5 e6 4. Nc3 exd5 5. cxd5 d6 6. e4 a6 7. a4 g6 8. Nf3 Bg4 9. Be2 Bxf3 10. Bxf3 Bg7
11. O-O O-O 12. Bf4 Ne8 13. Qd2 Nd7 14. Bg5 Bf6 15. Be3 Rb8 16. Bg4 Bxc3 17. Qxc3 Ne5 18. Be2 Nf6 19. f3 Qe7 20. Bg5 Ned7
21. Bd3 Rfe8 22. f4 Kg7 23. Rae1 h6 24. Bh4 Kg8 25. Qb3 Qf8 26. Bc2 Nh7 27. Qh3 Ndf6 28. e5 Nxd5 29. Qb3 Nb4 30. Bxg6 d5
31. Bf5 b5 32. Rf3 Kh8 33. axb5 axb5 34. Qd1
1-0

[Event "Obi-Wan BENONI"]
[Site "SchemingMind.com"]
[Date "2005.10.31"]
[Round "-"]
[White "Katarrov"]
[Black "Gordon"]
[Result "1/2-1/2"]
[WhiteCountry "ESP"]
[BlackCountry "ENG"]
[WhiteElo "2001"]
[WhiteRD "122"]
[BlackElo "2243"]
[BlackRD "65"]
[GameID "29080"]

1. d4 Nf6 2. c4 c5 3. d5 b5 4. cxb5 a6 5. bxa6 g6 6. Nc3 Bxa6 7. e4 Bxf1 8. Kxf1 d6 9. g3 Bg7 10. Kg2 O-O
11. Nf3 Nbd7 12. Re1 Ng4 13. Nd2 Nge5 14. Qe2 Nb6 15. f4 Ned7 16. a4 Bxc3 17. bxc3 Rxa4 18. Rxa4 Nxa4 19. c4 e5 20. dxe6 fxe6
21. Nf3 Ndb6 22. Qc2 Qe7 23. Rd1 Qc7 24. h3 Qc6 25. Kg1 Rd8 26. Kh2 Qc7 27. Kg2 Qc6 28. g4 Re8 29. Kh2 Nd7 30. Ng5 Nab6
31. Bb2 e5 32. f5 h6 33. Nf3 Nf6 34. Nd2 g5 35. Ra1 Ra8 36. Rxa8+ Qxa8 37. Qd3 Nc8 38. Kg3 Kf7 39. Kg2=
1/2-1/2

[Event "Obi-Wan BENONI"]
[Site "SchemingMind.com"]
[Date "2005.10.31"]
[Round "-"]
[White "Katarrov"]
[Black "Aumonde"]
[Result "1-0"]
[WhiteCountry "ESP"]
[BlackCountry "USA"]
[WhiteElo "2192"]
[WhiteRD "83"]
[BlackElo "2163"]
[BlackRD "59"]
[GameID "29081"]

1. d4 Nf6 2. c4 c5 3. d5 e5 4. Nc3 d6 5. e4 Be7 6. Bd3 O-O 7. h3 Na6 8. Nf3 Nb4 9. Be2 Ne8 10. a3 Na6
11. O-O f5 12. b3 Nf6 13. exf5 Bxf5 14. Bd3 Bxd3 15. Qxd3 Nh5 16. Ne4 Nf4 17. Bxf4 Rxf4 18. Rad1 Qe8 19. Nfg5 Bxg5 20. Nxg5 g6
21. Ne6 Rf5 22. f4 exf4 23. Nxf4 Nc7 24. Ne6 Rxf1+ 25. Qxf1 Nxe6 26. Re1 Qf8 27. Rxe6 Rd8 28. Qe1 Qf5 29. Qg3 Qf8 30. Qe1 Qf5
31. Re7 Rd7 32. Re8+ Kg7 33. Qc3+ Kh6 34. Qe3+ Kg7 35. Re6 Qf8 36. Kh2 b6 37. h4 a6 38. Re8 Qf6 39. Qg5 Qxg5 40. hxg5 b5
41. Ra8 bxc4 42. bxc4 h6 43. gxh6+ Kxh6 44. Kg3 Kg5 45. Kf3 Kf5 46. g4+ Ke5 47. Ke3 Re7 48. Rf8 a5 49. Rf4 a4 50. Rf8 Rd7
51. Rf4 Re7 52. Rf8 Rd7 53. Re8+ Kf6 54. Kf4 g5+= 55. Ke4 Rf7 56. Re6+ Kg7 57. Rxd6 Rf4+ 58. Ke5 Rxc4 59. Rd7+ Kf8 60. Rh7 Rxg4
61. d6
1-0

[Event "Obi-Wan BENONI"]
[Site "SchemingMind.com"]
[Date "2005.10.31"]
[Round "-"]
[White "Katarrov"]
[Black "Louis Lima"]
[Result "1-0"]
[WhiteCountry "ESP"]
[BlackCountry "ESP"]
[WhiteElo "2149"]
[WhiteRD "96"]
[BlackElo "1667"]
[BlackRD "52"]
[GameID "29082"]

1. d4 Nf6 2. c4 c5 3. d5 e6 4. dxe6 fxe6 5. Bg5 Be7 6. Nc3 O-O 7. Nf3 Nc6 8. e3 d5 9. cxd5 exd5 10. Bxf6 Bxf6
11. Qxd5+ Qxd5 12. Nxd5 Bxb2 13. Rb1 Ba3 14. Bd3 Bf5 15. Bxf5 Rxf5 16. Nc7 Rb8 17. Ke2 Rf7 18. Nb5 Bb4 19. a3 Ba5 20. Rhd1 a6
21. Nd6 Re7 22. Rbc1 b6 23. Nc4 Rbe8 24. a4 Re6 25. h3 h6 26. Rd7 R8e7 27. Rxe7 Rxe7 28. g4 g6 29. Rb1 Kg7 30. Nxa5 bxa5
31. Rc1
1-0

[Event "Obi-Wan BENONI"]
[Site "SchemingMind.com"]
[Date "2005.10.31"]
[Round "-"]
[White "Katarrov"]
[Black "zledar"]
[Result "1-0"]
[WhiteCountry "ESP"]
[BlackCountry "MEX"]
[WhiteElo "2149"]
[WhiteRD "96"]
[BlackElo "1107"]
[BlackRD "102"]
[GameID "29083"]

1. d4 Nf6 2. c4 c5 3. d5 e6 4. Nc3 exd5 5. cxd5 d6 6. e4 g6 7. f4 Bg7 8. Bb5+ Bd7 9. e5 Bxb5 10. exf6 Qxf6
11. Nxb5 Qe7+ 12. Qe2 Nd7 13. Nc7+ Kf8 14. Nxa8 Qd8 15. Qb5 Qe8+ 16. Ne2 b6 17. Qa4 Qc8 18. Qxa7 Bf6 19. Nxb6 Kg7 20. Nxc8
1-0

[Event "Obi-Wan BENONI"]
[Site "SchemingMind.com"]
[Date "2005.10.31"]
[Round "-"]
[White "Katarrov"]
[Black "miguel12"]
[Result "1-0"]
[WhiteCountry "ESP"]
[BlackCountry "USA"]
[WhiteElo "2178"]
[WhiteRD "95"]
[BlackElo "1513"]
[BlackRD "88"]
[GameID "29084"]

1. d4 Nf6 2. c4 c5 3. d5 b5 4. cxb5 a6 5. bxa6 Bxa6 6. Nc3 g6 7. e4 Bxf1 8. Kxf1 d6 9. g3 Bg7 10. Kg2 O-O
11. Nf3 Nbd7 12. Re1 Qb6 13. h3 Rfb8 14. Re2 c4 15. Be3 Qc7 16. Bd4 Nc5 17. e5 Nfd7 18. exd6 Qxd6 19. Bxg7 Kxg7 20. Qd4+ f6
21. Rae1 Re8 22. Nb5 Qb6 23. Rxe7+ Rxe7 24. Rxe7+ Kg8 25. Qh4
1-0

[Event "Obi-Wan BENONI"]
[Site "SchemingMind.com"]
[Date "2005.10.31"]
[Round "-"]
[White "Katarrov"]
[Black "IvanXXIII"]
[Result "1-0"]
[WhiteCountry "ESP"]
[BlackCountry "CRO"]
[WhiteElo "2178"]
[WhiteRD "95"]
[BlackElo "1557"]
[BlackRD "75"]
[GameID "29085"]

1. d4 Nf6 2. c4 c5 3. d5 e6 4. Nc3 exd5 5. cxd5 d6 6. e4 g6 7. f4 Bg7 8. Bb5+ Nbd7 9. e5 dxe5 10. fxe5 Nh5
11. Nf3 O-O 12. Bg5 f6 13. exf6 Nhxf6 14. O-O a6 15. Be2 Qb6 16. Qd2 Re8 17. Rae1
1-0

[Event "Obi-Wan BENONI"]
[Site "SchemingMind.com"]
[Date "2005.10.31"]
[Round "-"]
[White "Gary"]
[Black "Katarrov"]
[Result "0-1"]
[WhiteCountry "ENG"]
[BlackCountry "ESP"]
[WhiteElo "1523"]
[WhiteRD "64"]
[BlackElo "2149"]
[BlackRD "96"]
[GameID "29086"]

1. d4 Nf6 2. c4 c5 3. d5 e6 4. dxe6 fxe6 5. Nf3 Be7 6. Nc3 d5 7. e3 Nc6 8. cxd5 exd5 9. Bb5 O-O 10. O-O a6
11. Bxc6 bxc6 12. Re1 Bg4 13. h3 Bxf3 14. Qxf3 Ne4 15. Qd1 Nxf2 16. Qe2 Qc7 17. Rf1 Nxh3+ 18. gxh3 Qg3+ 19. Qg2 Rxf1+ 20. Kxf1 Rf8+
0-1

[Event "Obi-Wan BENONI"]
[Site "SchemingMind.com"]
[Date "2005.11.01"]
[Round "-"]
[White "sythymesnos"]
[Black "Katarrov"]
[Result "0-1"]
[WhiteCountry "FRA"]
[BlackCountry "ESP"]
[WhiteElo "1894"]
[WhiteRD "68"]
[BlackElo "2093"]
[BlackRD "104"]
[GameID "29087"]

1. d4 Nf6 2. c4 c5 3. d5 e6 4. Nc3 exd5 5. cxd5 d6 6. e4 g6 7. Bf4 a6 8. a4 Bg7 9. h3 O-O 10. Nf3 Re8
11. Qc2 Nxe4 12. Nxe4 f5 13. Bd3 fxe4 14. Bxe4 Bf5 15. Nd2 Qf6 16. Be3 Bxe4 17. Nxe4 Qxb2 18. Qxb2 Bxb2 19. Rb1 Rxe4 20. Rxb2 Rxa4
21. O-O b5 22. Bg5 Rd4 23. Rd2 Rxd2 24. Bxd2 a5 25. Bf4 Ra6 26. Re1 Nd7 27. Re6 a4 28. Bxd6 Nf8 29. Rf6 Kg7 30. Rxf8 Rxd6
31. Rb8 b4 32. Ra8 a3
0-1

[Event "Obi-Wan BENONI"]
[Site "SchemingMind.com"]
[Date "2005.10.31"]
[Round "-"]
[White "Gordon"]
[Black "Katarrov"]
[Result "1-0"]
[WhiteCountry "ENG"]
[BlackCountry "ESP"]
[WhiteElo "2243"]
[WhiteRD "65"]
[BlackElo "2001"]
[BlackRD "122"]
[GameID "29088"]

1. d4 Nf6 2. c4 c5 3. d5 e6 4. Nc3 exd5 5. cxd5 d6 6. e4 g6 7. f4 Bg7 8. Bb5+ Nfd7 9. a4 O-O 10. Nf3 a6
11. Bd3 Nf6 12. h3 b6 13. O-O Bb7 14. Qb3 Re8 15. Re1 Nh5 16. g4 Nf6 17. Bd2 Nbd7 18. Bc4 Qc7 19. Qc2 Nf8 20. Re2 N6d7
21. g5 b5 22. axb5 Nb6 23. b3 Qd7 24. Kg2 Bc8 25. Ng1 Bd4 26. Ra3 Bxg1 27. Kxg1 Nxc4 28. bxc4 Qxh3 29. Qc1 Bg4 30. Rh2 Qd3
31. Qf1 Qd4+ 32. Rf2 Bc8 33. Qe2 Qg7 34. e5 Bf5 35. Rxa6 dxe5 36. Rxa8 Rxa8 37. fxe5 Nd7 38. Bf4 Qf8 39. Ne4 Ra1+ 40. Kh2 Qe7
41. Nf6+ Nxf6 42. gxf6
1-0

[Event "Obi-Wan BENONI"]
[Site "SchemingMind.com"]
[Date "2005.11.01"]
[Round "-"]
[White "Aumonde"]
[Black "Katarrov"]
[Result "1/2-1/2"]
[WhiteCountry "USA"]
[BlackCountry "ESP"]
[WhiteElo "2163"]
[WhiteRD "59"]
[BlackElo "2192"]
[BlackRD "83"]
[GameID "29089"]

1. d4 Nf6 2. c4 c5 3. d5 e6 4. Nc3 exd5 5. cxd5 d6 6. Nf3 g6 7. g3 Bg7 8. Bg2 O-O 9. O-O a6 10. a4 Nbd7
11. Nd2 Re8 12. e4 Rb8 13. Nc4 Ne5 14. Nxe5 Rxe5 15. Bf4 Re8 16. Qe2 Ng4 17. f3 Ne5 18. Rfc1 Bd7 19. a5 Rc8 20. Rd1 c4
21. Qd2 Rc5 22. Ne2 Qe7 23. Bg5 Qf8 24. Be3 Rcc8 25. Nd4 f6 26. Ra3 Nd3 27. g4 Qe7 28. b3 f5 29. gxf5 gxf5 30. Kh1 fxe4
31. fxe4 Ne5 32. Rc1 Qh4 33. Ra2 Rf8 34. Rac2 Ng4 35. Bg1 cxb3 36. Rxc8 Bxc8 37. Nxb3 Bd7 38. Rf1 Rxf1 39. Bxf1 Nf6 40. e5 Ne4
41. Qg2 dxe5 42. Bd3 Nd6 43. Nd2 Qb4 44. Ne4 Nxe4 45. Qxe4 Qxe4+ 46. Bxe4 Bf8 47. Bb6 Bd6 48. Kg2 h5 49. Kg3 Kf7 50. h3 Ba4
51. Bf5 Bb3 52. Be6+ Ke7 53. Kf3 Bb8 54. Bc5+ Bd6 55. Bb6= Bb4 56. Bc7 Bc4 57. Ke4 Bd6 58. Bb6 Bf1 59. Kf3 Bc4 60. Ke4=
1/2-1/2

[Event "Obi-Wan BENONI"]
[Site "SchemingMind.com"]
[Date "2005.11.01"]
[Round "-"]
[White "Louis Lima"]
[Black "Katarrov"]
[Result "0-1"]
[WhiteCountry "ESP"]
[BlackCountry "ESP"]
[WhiteElo "1983"]
[WhiteRD "85"]
[BlackElo "2001"]
[BlackRD "122"]
[GameID "29090"]

1. d4 Nf6 2. c4 c5 3. d5 e6 4. Nc3 exd5 5. cxd5 d6 6. e4 g6 7. f4 Bg7 8. Bb5+ Bd7 9. e5 Qe7 10. Qe2 dxe5
11. fxe5 Bxb5 12. Qxb5+ Nbd7 13. Nf3 O-O 14. Qxb7 Rfb8 15. Qc7 Ne8 16. Qa5 Nxe5 17. O-O Nxf3+ 18. Rxf3 Qe1+ 19. Rf1 Bd4+ 20. Be3 Qxe3+
21. Kh1 Rxb2 22. Nd1 Qd2 23. Qxd2 Rxd2 24. Rb1 Rxa2
0-1

[Event "Obi-Wan BENONI"]
[Site "SchemingMind.com"]
[Date "2005.11.04"]
[Round "-"]
[White "zledar"]
[Black "Katarrov"]
[Result "0-1"]
[WhiteCountry "MEX"]
[BlackCountry "ESP"]
[WhiteElo "1152"]
[WhiteRD "110"]
[BlackElo "2093"]
[BlackRD "104"]
[GameID "29091"]

1. d4 Nf6 2. c4 c5 3. d5 e6 4. Nc3 exd5 5. cxd5 d6 6. e4 g6 7. f4 Bg7 8. Bb5+ Nbd7 9. e5 dxe5 10. fxe5 Nh5
11. Nf3 O-O 12. O-O Nxe5 13. Bg5 Nxf3+ 14. Qxf3 Qxg5 15. Ne4 Qxd5
0-1

[Event "Obi-Wan BENONI"]
[Site "SchemingMind.com"]
[Date "2005.10.31"]
[Round "-"]
[White "miguel12"]
[Black "Katarrov"]
[Result "0-1"]
[WhiteCountry "USA"]
[BlackCountry "ESP"]
[WhiteElo "1650"]
[WhiteRD "125"]
[BlackElo "2093"]
[BlackRD "104"]
[GameID "29092"]

1. d4 Nf6 2. c4 c5 3. d5 b5 4. cxb5 a6 5. e3 g6 6. Nc3 Bg7 7. bxa6 O-O 8. Nf3 d6 9. e4 Qa5 10. Qc2 Nxe4
11. Bd2 Nxd2 12. Nxd2 Nxa6 13. g3 Bf5 14. Bd3 Nb4
0-1

[Event "Obi-Wan BENONI"]
[Site "SchemingMind.com"]
[Date "2005.10.31"]
[Round "-"]
[White "IvanXXIII"]
[Black "Katarrov"]
[Result "1-0"]
[WhiteCountry "CRO"]
[BlackCountry "ESP"]
[WhiteElo "1887"]
[WhiteRD "113"]
[BlackElo "1712"]
[BlackRD "245"]
[GameID "29093"]

1. d4 Nf6 2. c4 c5 3. Nf3 cxd4 4. Nxd4 e5 5. Nb5 d5 6. cxd5 Bc5 7. N5c3 O-O 8. Qb3 Nbd7 9. g3 Qb6 10. Qxb6 Nxb6
11. Bg2 Bxf2+ 12. Kxf2
1-0

[Event "Obi-Wan BENONI"]
[Site "SchemingMind.com"]
[Date "2005.11.01"]
[Round "-"]
[White "cnbcad"]
[Black "Gary"]
[Result "0-1"]
[WhiteCountry "USA"]
[BlackCountry "ENG"]
[WhiteElo "1305"]
[WhiteRD "51"]
[BlackElo "1498"]
[BlackRD "55"]
[GameID "29116"]

1. d4 Nf6 2. c4 c5 3. d5 b5 4. cxb5 a6 5. Nc3 d6 6. bxa6 Bxa6 7. g3 g6 8. b3 Bg7 9. Bg2 O-O 10. Ne4 Nxe4
11. Bxe4 Bxa1 12. Bh6 Bc3+ 13. Bd2 Qa5 14. Nf3 Nd7 15. O-O Bxd2 16. Nxd2 Qxa2 17. Nc4 Bxc4 18. bxc4 Qxc4 19. Bf3 Ra2 20. h4 Ne5
21. e4 Nxf3+
0-1